00310nam a2200121Ia 4500008004100000041001200041082002200053100001800075245004100093260002700134300001300161650001400174231217s9999 xx 000 0 und d aEnglish a381.41 SUR1;1 R aSuresh, K ed. 0aGreen marketing : concepts and cases c2006bIcfaiaHyderabad avii, 274 amarketing